| 000 | 00597nam a2200217 4500 | ||
|---|---|---|---|
| 005 | 20221102143211.0 | ||
| 006 | 000 | ||
| 007 | 000 | ||
| 008 | 000 | ||
| 020 | _a9783030420772 | ||
| 040 | _aUOEL | ||
| 050 |
_aQA76.95.M35 _b.V56 2020 |
||
| 100 | _a By Vince, John | ||
| 245 |
_aFoundation mathematics for computer science : _bA visual approach / _cBy John Vince |
||
| 250 | _a2nd ed. | ||
| 260 |
_aSwitzerland : _bSpringer international, _cc2020. |
||
| 300 |
_axix,407 p. : _bcol. ill. |
||
| 440 | _aFoundation mathematics for computer science | ||
| 650 | _aComputer science | ||
| 942 |
_2lcc _cBK |
||
| 999 |
_c17650 _d17650 |
||